Supreme Court Civil Appeal No. 31 OF 1995 Sietco Vs Noble Builders (U) LTD (Record no. 2471)

MARC details
000 -LEADER
fixed length control field 00687nam a22001337a 4500
008 - FIXED-LENGTH DATA ELEMENTS--GENERAL INFORMATION
fixed length control field 110608t xxu||||| |||| 00| 0 eng d
010 ## - LIBRARY OF CONGRESS CONTROL NUMBER
LC control number SCCAF15
245 ## - TITLE STATEMENT
Title Supreme Court Civil Appeal No. 31 OF 1995 Sietco Vs Noble Builders (U) LTD
260 ## - PUBLICATION, DISTRIBUTION, ETC. (IMPRINT)
Date of publication, distribution, etc 1995
500 ## - GENERAL NOTE
General note Coram: Wambuzi, C.J, Odoki, JSC, Tsekooko, JSC
500 ## - GENERAL NOTE
General note Appeal from a judgement of the High Court of Uganda at Kampala Mr. Justice F.M.S. Engonda-Ntende dated the 13th day of February, 1995 in HCCS No. 174 of 1990
Holdings
Withdrawn status Lost status Source of classification or shelving scheme Damaged status Koha normalized classification for sorting Not for loan Location (home branch) Sublocation or collection (holding branch) Shelving location Date acquired Koha issues (times borrowed) Koha full call number Piece designation (barcode) Koha date last seen Price effective from Koha item type Public note
    Dewey Decimal Classification   SCCAF__15   Law Development Centre Main Library Law Development Centre Main Library Law Reports 06/08/2011   SCCAF_15 31/1995/1 06/08/2011 06/08/2011 Un Reported Cases  
    Dewey Decimal Classification   SCCAF__15   Law Development Centre Main Library Law Development Centre Main Library Law Reports 06/08/2011   SCCAF_15 31/1995/2 06/08/2011 06/08/2011 Un Reported Cases  
    Dewey Decimal Classification   SCCAF__15   Law Development Centre Main Library Law Development Centre Main Library   07/11/2019   SCCAF_15 596/2019 07/11/2019 07/11/2019 Un Reported Cases JUDGEMENT WAS ON 22ND APRIL OF 1997